| 000 | 00463nam a2200181Ia 4500 | ||
|---|---|---|---|
| 005 | 20240823030508.0 | ||
| 008 | 240823s9999||||xx |||||||||||||| ||und|| | ||
| 041 | _aENGLISH | ||
| 082 | _A621.402 P9 | ||
| 100 | _aRajput R K | ||
| 245 | 0 | _aThermal Science and Engineering | |
| 250 | _a1 | ||
| 260 |
_c2009 _bLaxmi Publication (P _aNew Delhi |
||
| 500 | _aTRANSFERED | ||
| 650 |
_aThermal Science and Engineering _bMechanical |
||
| 942 | _cBK | ||
| 999 |
_c188834 _d188834 |
||